|
|
|
|
| LEADER |
00000cam a2200000 a 4500 |
| 001 |
vtls008384205 |
| 003 |
SK-MaSNL |
| 005 |
20260301140702.0 |
| 008 |
230403s1952 xo f n 000 0 slo |
| 015 |
|
|
|a SNBA19451955-007089
|
| 035 |
|
|
|a SK01SNKBKSFS20020076422
|
| 035 |
|
|
|a urn:nbn:sk:snk-am3iu9o
|
| 035 |
|
|
|a 6DF2E4FC-A00D-43DD-BBA9-3A37CF05CFA2
|
| 035 |
|
|
|a urn:nbn:sk:snk-am00fiph
|
| 035 |
|
|
|a SKM000078885
|
| 040 |
|
|
|a SNK
|b slo
|c SNK
|e AACR2
|
| 041 |
0 |
|
|a slo
|
| 044 |
|
|
|a xo
|c SK
|
| 080 |
|
|
|a 633.2/.3
|2 1981
|
| 100 |
1 |
|
|a Maloch, Miloslav,
|d 1899-1956
|4 aut
|9 38401
|
| 245 |
1 |
0 |
|a Krmovinárstvo
|n diel 1
|p Lúkarstvo a pasienkárstvo
|b základy náuky o pestovaní lúk a pasienkov
|c Miloslav Maloch
|
| 246 |
3 |
0 |
|a Lúkarstvo a pasienkárstvo
|
| 260 |
|
|
|a Bratislava
|b Oráč
|c 1952
|e Košice
|f Východoslovenské tlačiarne
|
| 300 |
|
|
|a 446, [1] s.
|b ilustr.
|c V. 8°
|
| 366 |
|
|
|e 3300 výtl.
|
| 490 |
1 |
|
|a Poľnohospodárska veda
|v sv. 8
|
| 504 |
|
|
|a Bibliografia
|
| 650 |
0 |
7 |
|a krmovinárstvo
|2 SNKPH
|9 15091
|
| 650 |
0 |
7 |
|a lúkarstvo
|2 SNKPH
|9 80883
|
| 650 |
0 |
7 |
|a pasienkarstvo
|2 SNKPH
|9 69395
|
| 655 |
|
7 |
|a monografie
|2 SNKPH
|9 70139
|
| 830 |
|
0 |
|a Poľnohospodárska veda
|9 276630
|
| 852 |
|
|
|a Slovenská národná knižnica
|
| 954 |
|
|
|a odborná, vedecká literatúra pôvodná (slovenská)
|2 lita
|
| 958 |
|
|
|a OND
|
| 958 |
|
|
|a RK
|
| 958 |
|
|
|a TL
|
| 958 |
|
|
|a EUIPO
|
| 999 |
|
|
|c 764652
|d 766582
|
| 952 |
|
|
|a SNK
|b SNK
|y VYP
|7 0
|p 17A0698985
|o snkSD 7377/8 D1
|i snkK 1098/61
|8 3
|0 0
|1 0
|4 0
|d 2011-06-30
|l 0
|r 2026-02-24 00:15:45
|w 2026-02-24
|
| 952 |
|
|
|a SNK
|b SNK
|y VYP
|7 0
|p 17A0698986
|o snkSD 7377/8 D2
|i snkF 7223/63
|8 5
|0 0
|1 0
|4 0
|d 2011-06-30
|l 0
|r 2026-02-24 00:15:45
|w 2026-02-24
|
| 952 |
|
|
|a SNK
|b SNK
|y PREZ
|7 0
|p 17A0895404
|o snkSD 7377/8
|i snk3764/53
|0 0
|1 0
|4 0
|d 2020-08-25
|f 1
|l 0
|r 2025-11-18 00:00:00
|w 2026-02-24
|